000
00290nam a2200121Ia 4500
082
_a
540
_b
JAI
100
_a
Jain,Neelima
245
2
_a
A textbook of engineering chemistry
260
_b
Vayu Education of India
_a
New Delhi
_c
2010
300
_a
240p.
700
_a
Gupta,Vibha
942
_2
ddc
_c
BK
999
_c
4952
_d
4952